| 000 | 00984nam a22002297a 4500 | ||
|---|---|---|---|
| 003 | GR-AtMCL | ||
| 005 | 20260211123307.0 | ||
| 006 | a|||||r||||||||||| | ||
| 008 | s2006 enk b 000 0 eng d | ||
| 020 | _a1845292650 | ||
| 040 |
_aGR-AtMCL _beng _dGR-AtMCL _eAACR2 |
||
| 245 | 0 | 4 |
_aThe mammoth book of how it happened. _p[Eyewitness accounts of history in the making from 2000 BC to the present] / _cedited by Jon E. Lewis. |
| 250 | _aRev. and updated ed. | ||
| 260 |
_aLondon : _bRobinson, _c2006. |
||
| 300 |
_a656 p. ; _c20 cm. |
||
| 504 | _aIncludes bibliographical references. | ||
| 520 | _aThe Mammoth Book of How It Happened is a superb collection that provides first-hand accounts in the form of journals, diaries, news reports, and the like. This book offers historical writings of the most monumental events of our timemilitary and otherwise. | ||
| 650 | _aWorld history in literature | ||
| 700 |
_aLewis, Jon E. _910333 |
||
| 942 | _cBK | ||
| 999 |
_c10117 _d10117 |
||